Wilhelm Meister / (Record no. 167932)

MARC details
000 -LEADER
campo de control de longitud fija 00789nam a22002175i 4500
001 - NÚMERO DE CONTROL
campo de control 167932
003 - IDENTIFICADOR DE NÚMERO DE CONTROL
campo de control ES-MaACL
005 - FECHA Y HORA DE LA ÚLTIMA TRANSACCIÓN
campo de control 20250804062647.0
008 - DATOS DE LONGITUD FIJA--INFORMACIÓN GENERAL
campo de control de longitud fija 040706s1868 fr |||| | fre d
040 ## - FUENTE DE CATALOGACIÓN
Centro catalogador/agencia de origen CAM
Lengua de catalogación spa
Centro/agencia transcriptor CAM
100 1# - ENTRADA PRINCIPAL--NOMBRE DE PERSONA
Nombre de persona Goethe, Johann Wolfgang von,
Fechas asociadas al nombre 1749-1832
Término indicativo de función/relación Autor
9 (RLIN) 57568
245 10 - MENCIÓN DEL TÍTULO
Título Wilhelm Meister /
Mención de responsabilidad, etc. par Goethe ; traduction compléte et nouvelle par Théophile Gautier fils.
260 ## - PUBLICACIÓN, DISTRIBUCIÓN, ETC.
Lugar de publicación, distribución, etc. Paris :
Nombre del editor, distribuidor, etc. Charpentier,
Fecha de publicación, distribución, etc. 1868.
300 ## - DESCRIPCIÓN FÍSICA
Extensión 2 volúmenes (567 ; 615 páginas) ;
Dimensiones 18 cm.
655 #0 - TERMINO DE INDIZACIÓN--GENERO/FORMA
Datos o término principal de género/forma Novelas
9 (RLIN) 234319
700 1# - ENTRADA AGREGADA--NOMBRE PERSONAL
Nombre de persona Gautier, Théophile,
Fechas asociadas al nombre 1836-1904
Término indicativo de función/relación Traductor
9 (RLIN) 241279
852 ## - LOCALIZACIÓN
Ubicación ES-MaACL
Ubicación en estantería Sala Pecera Planta 3
Donativo/Legado Donativo de Manuel de la Revilla
Número de control de estantería G-9238-39
Encuadernación Holandesa
942 ## - ELEMENTOS DE ENTRADA SECUNDARIOS (KOHA)
Fuente del sistema de clasificación o colocación Clasificación decimal universal
Tipo de ítem Koha Libro impreso antiguo
Suprimir en OPAC No
Holdings
Estatus retirado Estado de pérdida Fuente del sistema de clasificación o colocación Estado de daño No para préstamo Colección Biblioteca de origen Biblioteca actual Ubicación en estantería Fecha de adquisición Fuente de adquisición Total de préstamos Signatura topográfica completa Código de barras Visto por última vez Tipo de ítem Koha
    Clasificación decimal universal     Libros del s. XIX Biblioteca del Ateneo de Madrid Biblioteca del Ateneo de Madrid Sala Pecera Planta 3 17/01/2008 Donación   G-9238-39 1176180 23/02/2023 Libro impreso antiguo